[Event "Mecklenburg VP LL2 0607"]
[Site "Mecklenburg VP"]
[Date "2007.01.28"]
[Round "5.4"]
[White "Gartzke, Thomas"]
[Black "Peschke, Wolfgang"]
[Result "0-1"]
[WhiteElo "1756"]
[BlackElo "1684"]
[PlyCount "78"]
[EventDate "2006.10.15"]
[EventType "team"]
[EventRounds "9"]
[EventCountry "GER"]
[SourceTitle "EXT 2009"]
[Source "ChessBase"]
[SourceDate "2008.11.26"]
[SourceVersion "1"]
[SourceVersionDate "2008.11.26"]
[SourceQuality "1"]
[WhiteTeam "Rostock Uni II"]
[BlackTeam "Schwerin II"]
[WhiteTeamCountry "GER"]
[BlackTeamCountry "GER"]

1. d4 d5 2. c4 e6 3. Nc3 Nf6 4. Bg5 Be7 5. Nf3 0-0 6. e3 Nbd7 7. Be2 Re8 8. 0-0 Ne4 9. Bxe7 Qxe7 10. Qc2 Ndf6 11. c5 Nxc3 12. Qxc3 Ne4 13. Qc2 Ng5 14. Ne5 f6 15. Nd3 e5 16. h4 Ne4 17. Nb4 c6 18. Bd3 a5 19. Bxe4 dxe4 20. Qb3+ Be6 21. d5 cxd5 22. Nc2 Qxc5 23. Qc3 Qxc3 24. bxc3 Rec8 25. Na3 Rxc3 26. Nb5 Rc2 27. Rfc1 Rac8 28. Rxc2 Rxc2 29. a4 Bd7 30. Nd6 Bc6 31. Rb1 d4 32. exd4 exd4 33. Kf1 Ra2 34. Nxb7 Bxb7 35. Rxb7 d3 36. Ke1 Rxa4 37. Ra7 f5 38. Kd2 Ra2+ 39. Ke3 Re2+ 0-1

[Event "Mecklenburg VP LL2 0506"]
[Site "Mecklenburg VP"]
[Date "2006.02.19"]
[Round "7.4"]
[White "Modrow, Hartmut"]
[Black "Gartzke, Thomas"]
[Result "0-1"]
[WhiteElo "1701"]
[BlackElo "1683"]
[PlyCount "106"]
[EventDate "2005.10.23"]
[EventType "team"]
[EventRounds "9"]
[EventCountry "GER"]
[SourceTitle "EXT 2009"]
[Source "ChessBase"]
[SourceDate "2008.11.26"]
[SourceVersion "1"]
[SourceVersionDate "2008.11.26"]
[SourceQuality "1"]
[WhiteTeam "Rostock PSV III"]
[BlackTeam "Rostock Uni II"]
[WhiteTeamCountry "GER"]
[BlackTeamCountry "GER"]

1. e4 e6 2. Qe2 Ne7 3. g3 d5 4. d3 Nd7 5. Bg2 Nf6 6. Nd2 Ng6 7. Ngf3 Be7 8. 0-0 0-0 9. e5 Nd7 10. d4 c5 11. c3 b6 12. b3 a5 13. Re1 Ba6 14. Qd1 b5 15. Bb2 Rc8 16. Bf1 Qb6 17. Rc1 b4 18. Bxa6 Qxa6 19. c4 cxd4 20. Bxd4 Nb6 21. Bxb6 Qxb6 22. Qe2 Bc5 23. Kg2 Ne7 24. Nf1 dxc4 25. bxc4 Nf5 26. N1d2 Nd4 27. Nxd4 Bxd4 28. Nf3 Bc3 29. Red1 Qc5 30. Nd2 Qxe5 31. Qxe5 Bxe5 32. Ne4 Rc6 33. f4 Bb8 34. Rd7 h6 35. c5 f5 36. Nd6 Bxd6 37. Rxd6 Rxd6 38. cxd6 Kf7 39. Rc7+ Kf6 40. Ra7 Rd8 41. Ra6 g5 42. Kf3 Rc8 43. Rxa5 Rc3+ 44. Kf2 Ra3 45. Rxa3 bxa3 46. Kf3 Kf7 47. Ke3 Ke8 48. Kd4 Kd7 49. Ke5 g4 50. Kd4 Kxd6 51. Kc4 h5 52. Kb4 e5 53. Kxa3 exf4 0-1

[Event "Mecklenburg VP LL2 West 0405"]
[Site "Mecklenburg VP"]
[Date "2005.01.16"]
[Round "5.3"]
[White "Gartzke, Thomas"]
[Black "Feige, Detlef"]
[Result "1-0"]
[WhiteElo "1718"]
[BlackElo "1751"]
[PlyCount "81"]
[EventDate "2004.10.24"]
[EventType "team-tourn"]
[EventRounds "9"]
[EventCountry "GER"]
[SourceTitle "EXT 2016"]
[Source "ChessBase"]
[SourceDate "2015.10.08"]
[SourceVersion "1"]
[SourceVersionDate "2015.10.08"]
[SourceQuality "1"]
[WhiteTeam "Rostock Uni II"]
[BlackTeam "Putlitz"]
[WhiteTeamCountry "GER"]
[BlackTeamCountry "GER"]

1. d4 Nf6 2. c4 c6 3. Nf3 d5 4. Nc3 Bf5 5. Bf4 e6 6. e3 Nbd7 7. c5 Nh5 8. Bg3 Nxg3 9. hxg3 h6 10. b4 b5 11. Nxb5 cxb5 12. Bxb5 a6 13. Ba4 Ke7 14. 0-0 f6 15. Qb3 Rb8 16. Rfc1 Kf7 17. a3 Qc7 18. Ra2 Be7 19. Bxd7 Qxd7 20. a4 Rhc8 21. Rb2 g5 22. b5 axb5 23. axb5 g4 24. Ne1 Kf8 25. Nd3 Bxd3 26. Qxd3 f5 27. Qb3 h5 28. Qb4 Kf7 29. Ra1 Qc7 30. b6 Qc6 31. Ra7 Kf6 32. Rc2 Rb7 33. Rca2 Rbb8 34. R2a5 Rb7 35. Rxb7 Qxb7 36. Qb5 Kf7 37. Ra7 Qb8 38. c6 Kf6 39. c7 Rxc7 40. Rxc7 Bd6 41. Qc6 1-0

[Event "Mecklenburg VP LL2 West 0304"]
[Site "Mecklenburg VP"]
[Date "2004.03.28"]
[Round "8.2"]
[White "Gartzke, Thomas"]
[Black "Tardel, Olaf"]
[Result "1/2-1/2"]
[WhiteElo "1623"]
[BlackElo "1770"]
[PlyCount "77"]
[EventDate "2003.09.28"]
[EventType "team-tourn"]
[EventRounds "9"]
[EventCountry "GER"]
[SourceTitle "EXT 2022"]
[Source "ChessBase"]
[SourceDate "2021.10.06"]
[SourceVersion "1"]
[SourceVersionDate "2021.10.06"]
[SourceQuality "1"]
[WhiteTeam "Rostock HSG Uni II"]
[BlackTeam "Schwerin SV Einheit III"]
[WhiteTeamCountry "GER"]
[BlackTeamCountry "GER"]

1. d4 Nf6 2. c4 g6 3. Nc3 d5 4. Nf3 Bg7 5. Bf4 c6 6. e3 0-0 7. Be2 Nbd7 8. 0-0 Nh5 9. Bg3 Nxg3 10. fxg3 Nf6 11. Ne5 Be6 12. Qb3 Rb8 13. cxd5 Bxd5 14. Bc4 e6 15. Rf2 Nd7 16. Nf3 Bh6 17. Re1 Nf6 18. e4 Bxc4 19. Qxc4 Ng4 20. Rfe2 Qa5 21. h3 Nf6 22. Ne5 Rbd8 23. Rd1 Qc7 24. Qc5 Nd7 25. Nxd7 Rxd7 26. e5 b6 27. Qc4 Rc8 28. Ne4 Bg7 29. Rf1 b5 30. Qc3 Qb6 31. Rd2 Bxe5 32. Nc5 Rd5 33. dxe5 Rxd2 34. Qxd2 Qxc5+ 35. Kh2 Qxe5 36. Rxf7 Kxf7 37. Qd7+ Kf6 38. Qxc8 Qd6 39. Qh8+ 1/2-1/2

[Event "Mecklenburg VP LL2 West 0102"]
[Site "Mecklenburg VP"]
[Date "2001.11.11"]
[Round "2.3"]
[White "Gottschalk, Maik"]
[Black "Gartzke, Thomas"]
[Result "1-0"]
[WhiteElo "1652"]
[BlackElo "1432"]
[PlyCount "91"]
[EventDate "2001.10.07"]
[EventType "team-tourn"]
[EventRounds "9"]
[EventCountry "GER"]
[SourceTitle "EXT 2022"]
[Source "ChessBase"]
[SourceDate "2021.10.06"]
[SourceVersion "1"]
[SourceVersionDate "2021.10.06"]
[SourceQuality "1"]
[WhiteTeam "Putlitz"]
[BlackTeam "Rostock HSG Uni II"]
[WhiteTeamCountry "GER"]
[BlackTeamCountry "GER"]

1. c4 e5 2. Nc3 Nf6 3. g3 Nc6 4. Bg2 a6 5. Nf3 Bc5 6. 0-0 d6 7. d3 h6 8. a3 a5 9. Ne1 0-0 10. Nc2 Be6 11. Bd2 Qd7 12. Nb5 Bh3 13. e3 Bxg2 14. Kxg2 Bb6 15. d4 Ne4 16. d5 Ne7 17. Nc3 Ng5 18. e4 Qh3+ 19. Kg1 Nh7 20. Qf3 Nf6 21. Qg2 Qd7 22. Be3 Bxe3 23. Nxe3 Kh7 24. Rac1 g5 25. Ne2 b6 26. Kh1 Kg7 27. f4 g4 28. fxe5 dxe5 29. Qf2 Nxe4 30. Qe1 f5 31. Ng2 h5 32. Nc3 Qd6 33. Nxe4 fxe4 34. Qxe4 Rf6 35. Rxf6 Qxf6 36. Nh4 Re8 37. Kg2 Ng6 38. Nf5+ Kh7 39. Rf1 Qd8 40. Nh4 Qd6 41. Rf7+ Kg8 42. Rf5 Nxh4+ 43. gxh4 Qg6 44. Rg5 Qxg5 45. hxg5 Kg7 46. Kg3 1-0